Zľavy z ceny z pohľadu odberateľa a z pohľadu dodávateľa
Stručná analýza problematiky účtovania zliav z cien z pohľadu odberateľa (kupujúceho) a z pohľadu dodávateľa (predávajúceho). Bonus, rabat, skonto - charakteristika. Problémy, ktoré sa môžu vyskytnúť v opatreniach o postupoch účtovania. Príklady.
Gespeichert in:
| 1. Verfasser: | |
|---|---|
| Format: | Buchkapitel |
| Sprache: | Slowakisch |
| Schlagworte: | |
| Tags: |
Keine Tags, Fügen Sie das erste Tag hinzu!
|
MARC
| LEADER | 00000naa$a2200000$$$4500 | ||
|---|---|---|---|
| 001 | 0046893 | ||
| 005 | 20240502071535.9 | ||
| 041 | 0 | |a slo | |
| 044 | |a SK | ||
| 245 | 1 | 0 | |a Zľavy z ceny z pohľadu odberateľa a z pohľadu dodávateľa |c Anna Šlosárová |
| 520 | |a Stručná analýza problematiky účtovania zliav z cien z pohľadu odberateľa (kupujúceho) a z pohľadu dodávateľa (predávajúceho). Bonus, rabat, skonto - charakteristika. Problémy, ktoré sa môžu vyskytnúť v opatreniach o postupoch účtovania. Príklady. | ||
| 610 | 2 | 0 | |a ceny |
| 610 | 2 | 0 | |a zľavy obchodné |
| 610 | 2 | 0 | |a odberatelia |
| 610 | 2 | 0 | |a dodávatelia |
| 610 | 2 | 0 | |a účtovanie |
| 610 | 2 | 0 | |a rabat |
| 100 | 1 | |a Šlosárová, Anna | |